Alkoholový kokteil na mieru vodičom

Brazília získala náhradu za benzín z ropy a atraktívny vývozný artikel.

Na minha lista:
Detalhes bibliográficos
Autor principal: Jesný, Martin
Formato: Capítulo de Livro
Idioma:eslovaco
Assuntos:
Tags: Adicionar Tag
Sem tags, seja o primeiro a adicionar uma tag!

MARC

LEADER 00000naa a2200000 4500
001 0161900
005 20231113080541.8
041 0 |a slo 
044 |a SK 
245 1 0 |a Alkoholový kokteil na mieru vodičom  |c Martin Jesný 
520 |a Brazília získala náhradu za benzín z ropy a atraktívny vývozný artikel. 
610 2 0 |a hmoty pohonné 
610 2 0 |a Brazília 
100 1 |a Jesný, Martin